A handbook of evangelism for laymen. (Record no. 10557)

000 -LEADER
fixed length control field 00565nam a2200181 a 4500
001 - CONTROL NUMBER
control field :::00008346$&:&@@
003 - CONTROL NUMBER IDENTIFIER
control field OkBaRHE
005 - DATE AND TIME OF LATEST TRANSACTION
control field 20000607103343.0
008 - FIXED-LENGTH DATA ELEMENTS--GENERAL INFORMATION
fixed length control field s1948 j 000 0 eng u
040 ## - CATALOGING SOURCE
Transcribing agency
100 1# - MAIN ENTRY--PERSONAL NAME
Personal name Bryan, Dawson Charles, 1900-
245 12 - TITLE STATEMENT
Title A handbook of evangelism for laymen.
260 ## - PUBLICATION, DISTRIBUTION, ETC. (IMPRINT)
Place of publication, distribution, etc New York, NY., :
Name of publisher, distributor, etc Abingdon-Cokesbury Press
Date of publication, distribution, etc c1948
300 ## - PHYSICAL DESCRIPTION
Extent 96 p. ;
Dimensions 16 cm.
650 ## - SUBJECT ADDED ENTRY--TOPICAL TERM
Topical term or geographic name as entry element Evangelistic Work
942 ## - ADDED ENTRY ELEMENTS (KOHA)
Source of classification or shelving scheme
Koha item type Books
Copies
Permanent Location Source of classification or shelving scheme Price effective from Date acquired Barcode Shelving location Date last seen Full call number Withdrawn status Damaged status Not for loan Lost status Copy number Koha item type
RHEMA Bible Training College 2010-04-142010-04-148346General Stacks2010-04-14BV 3790 .B757    1Books